000 00345 a2200157 4500
001 164140
020 _a
040 _cMagnum
100 _aInfante, Ulisses
240 1 0 _aTextos: leituras e escritas/v.1
_lpor
245 1 0 _aTextos: leituras e escritas/v.1
362 0 _a1899
440 1 _aScipione
697 _aPARADIDATICO
942 _cBK
999 _c164140
_d164140